01284nam a2200241 a 450000100100000000500170001000800410002704000250006808200200009310000320011324500880014526000550023330000270028865000290031565000310034404900090037595201330038495201330051795201330065095201240078395201180090799900170102500001560420240412074244.0100215s1981 dr a 000 j spa d aDO-SdBNPbspacBNPHU aRD863.44bM839p1 aMorel, Eusilda Jorge93518610aPlayas sin fronteras :bcuentos basados en hechos veridicos /cEusilda Jorge Morel. aSantiago de los Caballeros :bImpresos Rey,c1981. a71 p. :bil. ;c21 cm. 0aCuentos dominicanos9176 0aLiteratura dominicana.967 aBNPD 001054708DSaGRbGRcCTd2010-02-15iLF1l0oRD863.44 M839pp15604-30r2020-06-25te. 5w2020-06-25yLFDSZPréstamo en sala 001054708DSaGRbGRcCTd2010-02-15iLF1l0oRD863.44 M839pp15604-40r2020-06-25te. 3w2020-06-25yLFDSZPréstamo en sala 001054708DSaGRbGRcCTd2010-02-15iLF1l0oRD863.44 M839pp15604-50r2020-06-25te. 4w2020-06-25yLFDSZPréstamo en sala 0010718PDaPDbPDcCTd2010-02-15iLF1l0oRD863.44 M839pp15604-10r2020-06-25te. 2w2020-06-25yLFPDZNo se presta 0010718PDaPDbPDcCTd2010-02-15iLF1l0oRD863.44 M839pp15604-20r2020-06-25w2020-06-25yLFPDZNo se presta c15159d15159